Central Library OPAC University of Rajshahi

Ministry and management : (Record no. 31044)

MARC details
000 -LEADER
fixed length control field 00713nam a22002297a 4500
001 - CONTROL NUMBER
control field 31044
003 - CONTROL NUMBER IDENTIFIER
rucl marc code BD-RjUL
005 - DATE AND TIME OF LATEST TRANSACTION
control field 20211209051643.0
008 - FIXED-LENGTH DATA ELEMENTS--GENERAL INFORMATION
fixed length control field 140413s1968 enk 001 0 eng d
020 ## - INTERNATIONAL STANDARD BOOK NUMBER
International Standard Book Number 0422719706
035 ## - SYSTEM CONTROL NUMBER
System control number (BD-RjUL)31131
040 ## - CATALOGING SOURCE
Original cataloging agency BD-RjUL
Language of cataloging eng
Transcribing agency BD-RjUL
041 ## - LANGUAGE CODE
Language code of text/sound track or separate title eng
082 ## - DEWEY DECIMAL CLASSIFICATION NUMBER
Classification number 262
Author mark and year RUM 1968
100 1# - MAIN ENTRY--PERSONAL NAME
Personal name Rudge, Peter F.
9 (RLIN) 5137
245 ## - TITLE STATEMENT
Title Ministry and management :
Remainder of title the study of ecclesiastical administration /
Statement of responsibility, etc. by Peter Frederick Rudge and forword by A. T. Hason.
260 ## - PUBLICATION, DISTRIBUTION, ETC. (IMPRINT)
Place of publication, distribution, etc. London :
Name of publisher, distributor, etc. Tavistock,
Date of publication, distribution, etc. c1968.
300 ## - PHYSICAL DESCRIPTION
Pagination xvi, 191 p. ;
Size 22 cm.
504 ## - BIBLIOGRAPHY, ETC. NOTE
Bibliography, etc Includes bibliographical references and index.
650 #0 - SUBJECT ADDED ENTRY--TOPICAL TERM
Topical term or geographic name as entry element Church management.
9 (RLIN) 5138
942 ## - ADDED ENTRY ELEMENTS (KOHA)
Source of classification or shelving scheme Dewey Decimal Classification
Koha item type Books
Holdings
Lost status Source of classification or shelving scheme Damaged status Not for loan Collection code Permanent Location Current Location Shelving location Date acquired Source of acquisition Cost, normal purchase price Total Checkouts Full call number Date last seen Copy number Koha item type
  Dewey Decimal Classification     Non-fiction Central Library, University of Rajshahi Central Library, University of Rajshahi   17/04/1974 Book centre 22.50   262 RUM 1968 13/04/2014 C-2 Books